[Event "Medellin Easter op 10th"]
[Site "Medellin"]
[Date "2022.04.14"]
[Round "2"]
[White "Baules Rodriguez, Jorge Luis"]
[Black "Leal, Dayana Vanessa"]
[Result "1-0"]
[WhiteElo "2329"]
[BlackElo "1689"]
[PlyCount "77"]
[EventDate "2022.04.13"]
[EventType "swiss"]
[EventRounds "8"]
[EventCountry "COL"]
[SourceTitle "CBM 207 Extra"]
[Source "ChessBase"]
[SourceDate "2022.05.31"]
[SourceVersion "1"]
[SourceVersionDate "2022.05.31"]
[SourceQuality "1"]

1. e4 e5 2. Nf3 Nc6 3. Bb5 a6 4. Ba4 Nf6 5. 0-0 Be7 6. Re1 b5 7. Bb3 d6 8. c3 0-0 9. d4 Bg4 10. Be3 Re8 11. Nbd2 h6 12. h3 Bd7 13. Nh2 Na5 14. Bc2 c5 15. f4 exf4 16. Bxf4 Nc6 17. dxc5 dxc5 18. Qf3 Be6 19. Rad1 Qb6 20. Kh1 Rad8 21. Ndf1 b4 22. Ne3 bxc3 23. bxc3 Na5 24. Nhg4 Nxg4 25. hxg4 Bg5 26. e5 Nc4 27. Nf5 Rxd1 28. Bxd1 Nd2 29. Qf2 Nc4 30. Bb3 Na5 31. Nd6 Re7 32. Bxg5 hxg5 33. Bxe6 fxe6 34. Nc8 Qc7 35. Nxe7+ Qxe7 36. Rb1 Nc6 37. Qe3 c4 38. Rd1 Qb7 39. Qxg5 1-0

[Event "Central America Carribean-ch U20 Girls"]
[Site "Pereira"]
[Date "2021.09.26"]
[Round "8"]
[White "Castillo Beitia, Ashley Alexandra"]
[Black "Leal, Dayana Vanessa"]
[Result "0-1"]
[WhiteElo "1543"]
[BlackElo "1550"]
[PlyCount "46"]
[EventDate "2021.09.21"]
[EventType "swiss"]
[EventRounds "9"]
[EventCountry "COL"]
[SourceTitle "EXT 2023"]
[Source "ChessBase"]
[SourceDate "2022.10.05"]
[SourceVersion "1"]
[SourceVersionDate "2022.10.05"]
[SourceQuality "1"]

1. d4 Nf6 2. Bf4 g6 3. e3 Bg7 4. Nf3 0-0 5. Be2 d6 6. h3 c5 7. c3 cxd4 8. cxd4 Nc6 9. 0-0 e5 10. dxe5 dxe5 11. Qxd8 Rxd8 12. Nxe5 Nd5 13. Nxc6 Nxf4 14. exf4 bxc6 15. Nc3 Rd2 16. Bf3 Rxb2 17. Na4 Rb4 18. Rab1 Rab8 19. Rxb4 Rxb4 20. Bxc6 Be6 21. Re1 Bxa2 22. Re8+ Bf8 23. Ra8 Rc4 0-1

[Event "Central America Carribean-ch U20 Girls"]
[Site "Pereira"]
[Date "2021.09.23"]
[Round "4"]
[White "Lopez Rayo, Isabella"]
[Black "Leal, Dayana Vanessa"]
[Result "0-1"]
[WhiteElo "1781"]
[BlackElo "1550"]
[PlyCount "94"]
[EventDate "2021.09.21"]
[EventType "swiss"]
[EventRounds "9"]
[EventCountry "COL"]
[SourceTitle "EXT 2023"]
[Source "ChessBase"]
[SourceDate "2022.10.05"]
[SourceVersion "1"]
[SourceVersionDate "2022.10.05"]
[SourceQuality "1"]

1. e4 e5 2. Nf3 Nc6 3. d4 exd4 4. Nxd4 Bc5 5. Be3 Qf6 6. c3 Nge7 7. g3 h5 8. f4 d5 9. e5 Qh6 10. Qd3 Nxd4 11. cxd4 Bb6 12. Nc3 Bf5 13. Qb5+ c6 14. Qb3 h4 15. Rg1 Qh5 16. Kd2 hxg3 17. hxg3 Qg6 18. Be2 Rh2 19. Rh1 Qh5 20. Rxh2 Qxh2 21. a4 Bc7 22. Rg1 0-0-0 23. g4 Be4 24. Qd1 Ba5 25. Qf1 Ng6 26. f5 Nxe5 27. Kc1 Bxc3 28. bxc3 Nc4 29. Bf4 Qh4 30. Bg3 Qe7 31. Bxc4 dxc4 32. Qxc4 Qa3+ 33. Kd2 Qb2+ 34. Ke3 Re8 35. Be5 Bd5 36. Qc5 f6 37. Qxa7 Qxc3+ 38. Kf2 Qf3+ 39. Ke1 Qe3+ 40. Kf1 fxe5 41. Qa8+ Kd7 42. Qxb7+ Kd8 43. Qb8+ Ke7 44. Qc7+ Kf8 45. Qd6+ Kg8 46. dxe5 Rxe5 47. Qd8+ Re8 0-1

[Event "Central America Carribean-ch U20 Girls"]
[Site "Pereira"]
[Date "2021.09.22"]
[Round "2"]
[White "Leal, Dayana Vanessa"]
[Black "Ladron De Guevara Mendez, Lorena"]
[Result "1-0"]
[WhiteElo "1550"]
[BlackElo "1294"]
[PlyCount "81"]
[EventDate "2021.09.21"]
[EventType "swiss"]
[EventRounds "9"]
[EventCountry "COL"]
[SourceTitle "EXT 2023"]
[Source "ChessBase"]
[SourceDate "2022.10.05"]
[SourceVersion "1"]
[SourceVersionDate "2022.10.05"]
[SourceQuality "1"]

1. d4 d5 2. c4 e6 3. Nf3 c6 4. g3 dxc4 5. Bg2 b5 6. Ne5 Bb7 7. Nc3 a6 8. a4 Nf6 9. 0-0 Be7 10. axb5 axb5 11. Rxa8 Bxa8 12. Nxb5 cxb5 13. Bxa8 0-0 14. Bg2 Qc7 15. Qc2 Nfd7 16. Nf3 Rc8 17. Bf4 Bd6 18. Bxd6 Qxd6 19. e4 e5 20. Rd1 exd4 21. Nxd4 Qc5 22. Nf5 Nb6 23. Qd2 Qf8 24. Qg5 f6 25. Qg4 b4 26. Nd6 Rc7 27. e5 fxe5 28. Nxc4 N8d7 29. Nxb6 Rc2 30. Rf1 Nf6 31. Qe6+ Kh8 32. Qxe5 Ng4 33. Qd4 h5 34. h3 Nh6 35. Nd5 Nf5 36. Qxb4 Qf7 37. Qb8+ Kh7 38. b4 Rb2 39. Qf4 Qd7 40. Be4 g6 41. Nf6+ 1-0

[Event "COL-ch U18 final"]
[Site "Medellin"]
[Date "2021.06.19"]
[Round "5"]
[White "Leal, Dayana Vanessa"]
[Black "Echavarria, Marilyn Daniela"]
[Result "1-0"]
[WhiteElo "1448"]
[BlackElo "1272"]
[PlyCount "65"]
[EventDate "2021.06.16"]
[EventType "swiss"]
[EventRounds "7"]
[EventCountry "COL"]
[SourceTitle "EXT 2022"]
[Source "ChessBase"]
[SourceDate "2021.10.06"]
[SourceVersion "1"]
[SourceVersionDate "2021.10.06"]
[SourceQuality "1"]

1. d4 Nf6 2. c4 e6 3. g3 d5 4. Nf3 Be7 5. Bg2 0-0 6. Qc2 c6 7. 0-0 Nbd7 8. Nbd2 Ne8 9. e4 dxe4 10. Nxe4 Ndf6 11. Rd1 Nxe4 12. Qxe4 Nf6 13. Qe2 Qa5 14. Bf4 Qh5 15. Rd3 Ng4 16. h3 Nf6 17. Qd2 Ne4 18. Qe3 f5 19. Nd2 Nxd2 20. Rxd2 Bb4 21. Re2 Qf7 22. a3 Be7 23. d5 Qe8 24. Rd1 cxd5 25. cxd5 Qd8 26. Red2 g5 27. Be5 f4 28. gxf4 gxf4 29. Bxf4 Kh8 30. dxe6 Qe8 31. Be5+ Bf6 32. Bxf6+ Rxf6 33. Rd8 1-0

[Event "COL-ch U18 final"]
[Site "Medellin"]
[Date "2021.06.17"]
[Round "2"]
[White "Leal, Dayana Vanessa"]
[Black "Gomez Vasquez, Laura Sofia"]
[Result "0-1"]
[WhiteElo "1448"]
[BlackElo "1699"]
[PlyCount "86"]
[EventDate "2021.06.16"]
[EventType "swiss"]
[EventRounds "7"]
[EventCountry "COL"]
[SourceTitle "EXT 2022"]
[Source "ChessBase"]
[SourceDate "2021.10.06"]
[SourceVersion "1"]
[SourceVersionDate "2021.10.06"]
[SourceQuality "1"]

1. d4 d6 2. c4 e5 3. e4 exd4 4. Qxd4 Nc6 5. Qd1 Nf6 6. Nc3 Be7 7. Nf3 h6 8. Be2 0-0 9. 0-0 Ne5 10. Bf4 Ng6 11. Bd2 a5 12. Qc2 Nd7 13. Be3 c6 14. Rad1 Qc7 15. Nd4 Nc5 16. f4 Bf6 17. Qd2 Re8 18. Bd3 Bg4 19. Rde1 Rad8 20. Bc2 Bc8 21. Kh1 Qb6 22. b3 Bh4 23. g3 Bf6 24. Kg2 Qc7 25. Bg1 Qd7 26. Nf5 Qc7 27. Bd4 Bxd4 28. Qxd4 Ne6 29. Qe3 Nc5 30. Nxh6+ gxh6 31. f5 Ne5 32. Qxh6 Qe7 33. f6 Qf8 34. Qg5+ Ng6 35. e5 Ne6 36. Qh5 dxe5 37. Bxg6 fxg6 38. Qxg6+ Kh8 39. Rf5 Nf4+ 40. gxf4 Bxf5 41. Qxf5 Rd2+ 42. Kh1 Qh6 43. f7 Qxh2# 0-1

[Event "COL-ch Cat D U1800"]
[Site "Medellin"]
[Date "2021.06.13"]
[Round "5"]
[White "Ramos Ortiz, Carlos Alberto"]
[Black "Leal, Dayana Vanessa"]
[Result "0-1"]
[WhiteElo "1514"]
[BlackElo "1448"]
[PlyCount "75"]
[EventDate "2021.06.10"]
[EventType "swiss"]
[EventRounds "7"]
[EventCountry "COL"]
[SourceTitle "EXT 2022"]
[Source "ChessBase"]
[SourceDate "2021.10.06"]
[SourceVersion "1"]
[SourceVersionDate "2021.10.06"]
[SourceQuality "1"]

1. c4 Nf6 2. g3 g6 3. Bg2 Bg7 4. Nc3 0-0 5. e4 d6 6. Nge2 e5 7. 0-0 c6 8. h3 a6 9. b4 Be6 10. d3 Qd7 11. Kh2 d5 12. cxd5 cxd5 13. Bg5 dxe4 14. Bxf6 Bxf6 15. Nxe4 Be7 16. f4 f5 17. Nc5 Bxc5 18. bxc5 Bd5 19. fxe5 Bxg2 20. Kxg2 Qd5+ 21. Kh2 Nc6 22. Nf4 Qxe5 23. Qb3+ Rf7 24. Qc4 Rd8 25. Rae1 Qd4 26. Qb3 Qb4 27. Re3 Qxc5 28. Rfe1 Nd4 29. Qb2 Qc2+ 30. Qxc2 Nxc2 31. Re8+ Rxe8 32. Rxe8+ Kg7 33. Rd8 Nb4 34. a3 Nc6 35. Rd6 Ne5 36. Kg2 Rd7 37. Rxd7+ Nxd7 38. d4 0-1

[Event "COL Intercollegiate-ch blitz U18 Girls"]
[Site "Paipa"]
[Date "2019.12.15"]
[Round "3"]
[White "Finley Rosero, Karol Valentina"]
[Black "Leal, Dayana Vanessa"]
[Result "0-1"]
[WhiteElo "1576"]
[BlackElo "1465"]
[PlyCount "57"]
[EventDate "2019.12.15"]
[EventType "swiss (blitz)"]
[EventRounds "12"]
[EventCountry "COL"]
[SourceTitle "CBM 193 Extra"]
[Source "ChessBase"]
[SourceDate "2020.01.31"]
[SourceVersion "1"]
[SourceVersionDate "2020.01.31"]
[SourceQuality "1"]

1. e4 e5 2. Nf3 Nc6 3. Bb5 a6 4. Ba4 Nf6 5. d4 exd4 6. 0-0 Be7 7. Re1 0-0 8. e5 Nd5 9. Nxd4 Nb6 10. Nxc6 dxc6 11. Bb3 Bf5 12. Be3 c5 13. c3 Nd7 14. Bf4 b5 15. Nd2 c4 16. Bc2 Bxc2 17. Qxc2 Nb6 18. Ne4 Nd5 19. Bg3 Qd7 20. Rad1 Qe6 21. Nd2 Rad8 22. Nf3 Bc5 23. Nd4 Qg4 24. e6 Bxd4 25. Rxd4 Qg5 26. Qe4 Rfe8 27. exf7+ Kxf7 28. Qf3+ Kg8 29. Rxe8+ 0-1

[Event "COL Intercollegiate-ch blitz U18 Girls"]
[Site "Paipa"]
[Date "2019.12.15"]
[Round "4"]
[White "Leal, Dayana Vanessa"]
[Black "Finley Rosero, Karol Valentina"]
[Result "1-0"]
[WhiteElo "1465"]
[BlackElo "1576"]
[PlyCount "51"]
[EventDate "2019.12.15"]
[EventType "swiss (blitz)"]
[EventRounds "12"]
[EventCountry "COL"]
[SourceTitle "CBM 193 Extra"]
[Source "ChessBase"]
[SourceDate "2020.01.31"]
[SourceVersion "1"]
[SourceVersionDate "2020.01.31"]
[SourceQuality "1"]

1. d4 Nf6 2. c4 d6 3. Nc3 g6 4. e4 Bg7 5. f4 e5 6. dxe5 dxe5 7. Qxd8+ Kxd8 8. Nf3 Nc6 9. fxe5 Ng4 10. Bg5+ Ke8 11. Be2 Ngxe5 12. Nxe5 Nxe5 13. 0-0-0 Be6 14. Nd5 Bxd5 15. exd5 h5 16. Rhe1 Kd7 17. c5 Bh6 18. Bxh6 Rxh6 19. Bb5+ c6 20. dxc6+ Ke6 21. cxb7 Rb8 22. Bd7+ Kf6 23. c6 Rhh8 24. Rd5 Rxb7 25. cxb7 Nxd7 26. Rxd7 1-0

[Event "COL Intercollegiate-ch blitz U18 Girls"]
[Site "Paipa"]
[Date "2019.12.15"]
[Round "9"]
[White "Leal, Dayana Vanessa"]
[Black "Hoyos Garces, Rosana"]
[Result "1-0"]
[WhiteElo "1465"]
[BlackElo "1426"]
[PlyCount "35"]
[EventDate "2019.12.15"]
[EventType "swiss (blitz)"]
[EventRounds "12"]
[EventCountry "COL"]
[SourceTitle "CBM 193 Extra"]
[Source "ChessBase"]
[SourceDate "2020.01.31"]
[SourceVersion "1"]
[SourceVersionDate "2020.01.31"]
[SourceQuality "1"]

1. d4 d5 2. c4 e6 3. Nf3 Nf6 4. g3 Be7 5. Bg2 0-0 6. 0-0 c6 7. Qc2 Nbd7 8. Nbd2 a6 9. e4 Re8 10. e5 Ne4 11. Nxe4 dxe4 12. Qxe4 Qc7 13. h4 b6 14. h5 Bb7 15. Qg4 Nf8 16. Bh6 g6 17. Bg5 a5 18. Bf6 1-0

[Event "COL Intercollegiate-ch rapid U18 Girls"]
[Site "Paipa"]
[Date "2019.12.14"]
[Round "4"]
[White "Leal, Dayana Vanessa"]
[Black "Sabogal Varela, Erika Tatiana"]
[Result "1-0"]
[WhiteElo "1489"]
[BlackElo "1140"]
[PlyCount "73"]
[EventDate "2019.12.14"]
[EventType "swiss (rapid)"]
[EventRounds "6"]
[EventCountry "COL"]
[SourceTitle "CBM 193 Extra"]
[Source "ChessBase"]
[SourceDate "2020.01.31"]
[SourceVersion "1"]
[SourceVersionDate "2020.01.31"]
[SourceQuality "1"]

1. d4 Nf6 2. c4 d5 3. cxd5 Nxd5 4. e4 Nb6 5. Nf3 e6 6. Nc3 c5 7. Be3 cxd4 8. Nxd4 Bc5 9. Be2 0-0 10. 0-0 e5 11. Nf5 Bxe3 12. Nxe3 Qxd1 13. Raxd1 Nc6 14. Ned5 Nxd5 15. Nxd5 Nd4 16. Bc4 Be6 17. Ne7+ Kh8 18. Bxe6 Nxe6 19. Rd7 Nc5 20. Rc7 Rfe8 21. Nf5 b6 22. Rxf7 g6 23. Nd6 Re6 24. Nb5 Rc8 25. f3 a6 26. Nc3 Rd8 27. Nd5 b5 28. Rc1 Nd3 29. Rcc7 Rb8 30. Nf6 Rxf6 31. Rxf6 Nf4 32. Rxa6 Rd8 33. g3 Rd1+ 34. Kf2 Rd2+ 35. Ke1 Re2+ 36. Kd1 Rxb2 37. Ra8# 1-0

[Event "COL-chT 21st"]
[Site "Cartagena"]
[Date "2019.11.30"]
[Round "6.4"]
[White "Ceballos Castellanos, Isabela"]
[Black "Leal, Dayana Vanessa"]
[Result "0-1"]
[WhiteElo "1435"]
[BlackElo "1465"]
[PlyCount "50"]
[EventDate "2019.11.30"]
[EventType "team-swiss"]
[EventRounds "9"]
[EventCountry "COL"]
[SourceTitle "CBM 195 Extra"]
[Source "ChessBase"]
[SourceDate "2020.05.31"]
[SourceVersion "1"]
[SourceVersionDate "2020.05.31"]
[SourceQuality "1"]
[WhiteTeam "Caldas"]
[BlackTeam "Cauca"]
[WhiteTeamCountry "COL"]
[BlackTeamCountry "COL"]

1. e4 e5 2. Nf3 Nc6 3. d3 Bc5 4. g3 Nf6 5. Bg2 0-0 6. 0-0 d5 7. exd5 Nxd5 8. Bd2 Re8 9. Nc3 Nf6 10. Re1 Bf5 11. Be3 Nd4 12. Ne2 Ng4 13. Nfxd4 exd4 14. Bf4 c6 15. h3 Ne5 16. Nc1 Ng6 17. Qh5 Rxe1+ 18. Kh2 Nxf4 19. Qxf5 Nxg2 20. Qxc5 Ne3 21. fxe3 dxe3 22. Qb4 Rf1 23. Nb3 e2 24. Kg2 Qf6 25. Qd4 Qf3+ 0-1

[Event "COL-chT 21st"]
[Site "Cartagena"]
[Date "2019.11.30"]
[Round "3.4"]
[White "Suarez Ardila, Luisa Maria"]
[Black "Leal, Dayana Vanessa"]
[Result "1-0"]
[WhiteElo "1505"]
[BlackElo "1465"]
[PlyCount "104"]
[EventDate "2019.11.30"]
[EventType "team-swiss"]
[EventRounds "9"]
[EventCountry "COL"]
[SourceTitle "CBM 195 Extra"]
[Source "ChessBase"]
[SourceDate "2020.05.31"]
[SourceVersion "1"]
[SourceVersionDate "2020.05.31"]
[SourceQuality "1"]
[WhiteTeam "Meta"]
[BlackTeam "Cauca"]
[WhiteTeamCountry "COL"]
[BlackTeamCountry "COL"]

1. e4 e5 2. Nf3 Nc6 3. d4 exd4 4. Bc4 Bc5 5. Ng5 Nh6 6. Nxf7 Nxf7 7. Bxf7+ Kxf7 8. Qh5+ g6 9. Qxc5 Re8 10. f3 d6 11. Qc4+ Be6 12. Qd3 Nb4 13. Qe2 c5 14. a3 Nc6 15. c3 dxc3 16. Nxc3 Nd4 17. Qf2 Bc4 18. Be3 Nb3 19. Rd1 Qb6 20. Nd5 Qa5+ 21. Bd2 Nxd2 22. Qxd2 Qxd2+ 23. Rxd2 Rad8 24. h4 Re5 25. Ne3 Ba6 26. Ng4 Re7 27. h5 Kg7 28. Ne3 Re5 29. hxg6 hxg6 30. Kf2 Re6 31. Ng4 b6 32. Ke3 d5 33. e5 d4+ 34. Kf2 Rde8 35. f4 Bc8 36. Nf6 Rxf6 37. exf6+ Kxf6 38. Re1 Rh8 39. b4 Rh2 40. bxc5 bxc5 41. Rc1 Bb7 42. Kg1 Rh4 43. Rxc5 Rxf4 44. Rf2 Rxf2 45. Kxf2 Be4 46. g3 d3 47. Ke3 Bf5 48. Ra5 Kg5 49. Rxa7 Kg4 50. a4 Kxg3 51. a5 Kg4 52. a6 Bc8 1-0

[Event "COL-chT rapid (Women)"]
[Site "Cartagena"]
[Date "2019.11.29"]
[Round "1.4"]
[White "Villota Munoz, Gabriela Ana"]
[Black "Leal, Dayana Vanessa"]
[Result "0-1"]
[WhiteElo "1178"]
[BlackElo "1489"]
[PlyCount "64"]
[EventDate "2019.11.29"]
[EventType "team-swiss"]
[EventRounds "7"]
[EventCountry "COL"]
[SourceTitle "CBM 193 Extra"]
[Source "ChessBase"]
[SourceDate "2020.01.31"]
[SourceVersion "1"]
[SourceVersionDate "2020.01.31"]
[SourceQuality "1"]
[WhiteTeam "Narino (W)"]
[BlackTeam "Cauca (W)"]
[WhiteTeamCountry "COL"]
[BlackTeamCountry "COL"]

1. Nf3 Nf6 2. d4 g6 3. Nc3 Bg7 4. e4 d6 5. g3 0-0 6. Bg2 Nbd7 7. 0-0 e5 8. dxe5 Nxe5 9. Nxe5 dxe5 10. Qxd8 Rxd8 11. Bg5 c6 12. Rfd1 Be6 13. Rxd8+ Rxd8 14. b3 h6 15. Be3 b6 16. Rd1 Rxd1+ 17. Nxd1 Ne8 18. Nb2 Nd6 19. Bf1 Nxe4 20. Na4 Bf5 21. Bd3 Nd6 22. Bxf5 Nxf5 23. Nc3 Kf8 24. Ne4 Nxe3 25. fxe3 Ke7 26. c4 f5 27. Nc3 e4 28. Kf2 Bxc3 29. Ke2 Kd6 30. Kd1 Kc5 31. Kc2 Be1 32. h4 Bxg3 0-1

[Event "COL-chT (Women)"]
[Site "Cartagena"]
[Date "2019.11.26"]
[Round "5.4"]
[White "Villota Munoz, Gabriela Ana"]
[Black "Leal, Dayana Vanessa"]
[Result "0-1"]
[WhiteElo "1174"]
[BlackElo "1576"]
[PlyCount "60"]
[EventDate "2019.11.24"]
[EventType "team-swiss"]
[EventRounds "7"]
[EventCountry "COL"]
[SourceTitle "CBM 193 Extra"]
[Source "ChessBase"]
[SourceDate "2020.01.31"]
[SourceVersion "1"]
[SourceVersionDate "2020.01.31"]
[SourceQuality "1"]
[WhiteTeam "Narino (W)"]
[BlackTeam "Cauca (W)"]
[WhiteTeamCountry "COL"]
[BlackTeamCountry "COL"]

1. d4 Nf6 2. Nc3 d5 3. f3 Bf5 4. e3 e6 5. Bd3 Bg6 6. Bxg6 hxg6 7. e4 dxe4 8. fxe4 Bb4 9. Nge2 Nxe4 10. Bd2 Qh4+ 11. g3 Nxg3 12. Nxg3 Qxg3+ 13. Ke2 Rxh2+ 14. Rxh2 Qxh2+ 15. Kd3 Qg3+ 16. Be3 Nc6 17. a3 Ne5+ 18. dxe5 Rd8+ 19. Ke2 Rxd1 20. Rxd1 Qg4+ 21. Kd3 Bxc3 22. Rg1 Qf5+ 23. Kxc3 Qxe5+ 24. Bd4 Qa5+ 25. Kd3 e5 26. Bc3 Qd5+ 27. Ke3 Qc5+ 28. Kd3 Qxg1 29. Bxe5 Qd1+ 30. Kc3 Qe1+ 0-1

[Event "COL-ch U18 Girls"]
[Site "Fusagasuga"]
[Date "2019.07.01"]
[Round "7"]
[White "Leal, Dayana Vanessa"]
[Black "Almanza Avila, Nataly"]
[Result "1-0"]
[WhiteElo "1530"]
[BlackElo "1365"]
[PlyCount "59"]
[EventDate "2019.06.26"]
[EventType "swiss (rapid)"]
[EventRounds "3"]
[EventCountry "COL"]
[SourceTitle "CBM 191 Extra"]
[Source "ChessBase"]
[SourceDate "2019.09.30"]
[SourceVersion "1"]
[SourceVersionDate "2019.09.30"]
[SourceQuality "1"]

1. d4 Nf6 2. c4 g6 3. Nc3 Bg7 4. e4 d6 5. f4 0-0 6. Nf3 c5 7. d5 e6 8. dxe6 Bxe6 9. Bd3 Bg4 10. h3 Bxf3 11. Qxf3 Nc6 12. 0-0 Nd7 13. Nd5 Nd4 14. Qg3 f5 15. exf5 Nxf5 16. Bxf5 Rxf5 17. Qb3 Rb8 18. Bd2 b6 19. Rae1 Rf7 20. Bc3 Nf6 21. Re6 Nxd5 22. cxd5 Rbb7 23. Bxg7 Kxg7 24. f5 Rxf5 25. Rxf5 gxf5 26. Qg3+ Kf8 27. Qf4 Rf7 28. Rxd6 Qc7 29. Qh6+ Kg8 30. Qg5+ 1-0

[Event "COL-ch U18 Girls"]
[Site "Fusagasuga"]
[Date "2019.06.27"]
[Round "2"]
[White "Hoyos Garces, Rosana"]
[Black "Leal, Dayana Vanessa"]
[Result "1/2-1/2"]
[WhiteElo "1571"]
[BlackElo "1530"]
[PlyCount "78"]
[EventDate "2019.06.26"]
[EventType "swiss (rapid)"]
[EventRounds "3"]
[EventCountry "COL"]
[SourceTitle "CBM 191 Extra"]
[Source "ChessBase"]
[SourceDate "2019.09.30"]
[SourceVersion "1"]
[SourceVersionDate "2019.09.30"]
[SourceQuality "1"]

1. d4 Nf6 2. c4 g6 3. Nc3 Bg7 4. e4 d6 5. Nf3 0-0 6. Be2 e5 7. d5 Nbd7 8. Nd2 a5 9. h4 h5 10. Nf3 Nc5 11. Bg5 Qe8 12. Nd2 Nh7 13. Be3 b6 14. Nb3 f5 15. Nxc5 bxc5 16. f3 Nf6 17. Bd3 fxe4 18. Nxe4 Nxe4 19. Bxe4 Bf5 20. Qc2 Qf7 21. Ke2 Bxe4 22. Qxe4 Qf5 23. Rab1 Rab8 24. b3 Rb7 25. Rb2 Rfb8 26. Rhb1 a4 27. Bd2 Bf6 28. Be1 Kg7 29. g3 Qh3 30. Kd3 axb3 31. Rxb3 Rxb3+ 32. Rxb3 Rxb3+ 33. axb3 Qg2 34. Qe2 Qg1 35. Qf2 Qh1 36. Qe3 Qf1+ 37. Qe2 Qg1 38. Qf2 Qh1 39. Qe3 Qf1+ 1/2-1/2